Ciencia técnica y capital (Record no. 64602)

MARC details
000 -LEADER
fixed length control field 00853cam a2200253 4500
005 - DATE AND TIME OF LATEST TRANSACTION
control field 20260520143606.0
008 - FIXED-LENGTH DATA ELEMENTS--GENERAL INFORMATION
fixed length control field 260520b sp ||||| |||| 00| 0 spa d
020 ## - INTERNATIONAL STANDARD BOOK NUMBER
International Standard Book Number 8472140962
050 04 - LIBRARY OF CONGRESS CALL NUMBER
Classification number CB478
Item number C67 1976
100 1# - MAIN ENTRY--PERSONAL NAME
Personal name Coriat, Benjamin
240 ## - UNIFORM TITLE
Uniform title Science, technique et capital.
Language of a work Español.
245 10 - TITLE STATEMENT
Title Ciencia técnica y capital
Statement of responsibility, etc / Benjamin Coriat ; traducción María Teresa Martínez, Miguel Pellicer.
250 ## - EDITION STATEMENT
Edition statement 1a ed.
260 ## - PUBLICATION, DISTRIBUTION, ETC. (IMPRINT)
Place of publication, distribution, etc Madrid, España :
Name of publisher, distributor, etc H. Blume ediciones,
Date of publication, distribution, etc 1976
300 ## - PHYSICAL DESCRIPTION
Extent xv, 198 p. ;
Dimensions 21 cm.
490 0# - SERIES STATEMENT
Series statement Ciencia, Tecnología, Sociedad
500 ## - GENERAL NOTE
General note
504 ## - BIBLIOGRAPHY, ETC. NOTE
Bibliography, etc Incluye bibliografía e índice
650 #4 - SUBJECT ADDED ENTRY--TOPICAL TERM
Topical term or geographic name as entry element Tecnología y civilización
650 #4 - SUBJECT ADDED ENTRY--TOPICAL TERM
Topical term or geographic name as entry element Enseñanza técnica
Geographic subdivision China
700 1# - ADDED ENTRY--PERSONAL NAME
Personal name Martínez, María Teresa
Relator term traductor
700 1# - ADDED ENTRY--PERSONAL NAME
Personal name Pellicer, Miguel,
Relator term traductor
942 ## - ADDED ENTRY ELEMENTS (KOHA)
Source of classification or shelving scheme Biblioteca del Cogreso de los Estados Unidos
Koha item type Libro
Holdings
Estado de pérdida Fuente de clasificación Estado del daño No para préstamo Ubicación permanente Ubicación actual Apartado o colección Fecha de adquisición Fuente de adquisición Edición Enumeración de Serie / Cronológica Dependencia de educación superior (DES) Área del conocimiento Clasificación Código de Barras Date last seen Número de copia Costo por reposición Tipo de recurso
  Biblioteca del Cogreso de los Estados Unidos   Uso interno Biblioteca Biblioteca de la Facultad de Economía Biblioteca de la Facultad de Economía General 16/04/2026 Unidad Académica 1a ed. Ciencias Económico Administrativas Educación y Humanidades CB478 C67 1976 BFE000002387 25/01/2016 1 1.00 Libro
  Biblioteca del Cogreso de los Estados Unidos     Biblioteca de la Facultad de Economía Biblioteca de la Facultad de Economía General 16/04/2026 Unidad Académica 1a ed. Ciencias Económico Administrativas Ciencias Sociales y Administrativas CB478 C67 1976 BFE000002388 25/01/2016 2 1.00 Libro